000 00321nam a22001337a 4500
008 170215b xxu||||| |||| 00| 0 eng d
020 _a9780849390593
041 _aeng
080 _27TH
_a61
100 _a4
101 _aSHM
245 _aMAYO CLINIC INTERNAL MEDICINE REVIEW 2006-2007
_cHABERMAN, TH.M
942 _2udc
_cBK
999 _c5564
_d5564